Statistics for Countries and Territories with Cardinal direction in their name

Click here to take the quiz!

General Stats

  • This quiz has been taken 124 times
    (112 since last reset)
  • The average score is 5 of 13

Answer Stats

ContinentCountry/Territory% Correct
AsiaNorth Korea
94%
AsiaSouth Korea
91%
AfricaSouth Sudan
84%
AfricaSouth Africa
73%
AsiaEast Timor
70%
EuropeNorthern Ireland
34%
AfricaWestern Sahara
25%
AsiaNorthern Cyprus
14%
OseaniaNorthern Mariana Islands
9%
AsiaSouth Ossetia
7%
AmericaNorthwest Territories
6%
OseaniaNorthern Territory
5%
AmericaSouth Georgia and the South Sandwich Islands
4%

Score Distribution

Percentile by Number Answered

Percent of People with Each Score

Your Score History

You have not taken this quiz since the last reset